| 000 | 00000nam##2200000za#4500 |
| 001 | 9.699295 |
| 003 | CaOODSP |
| 005 | 20210625000321 |
| 007 | cr ||||||||||| |
| 008 | 150407|1979||||xxc|||||o f|0| 0 eng|d |
| 040 | |aCaOODSP|beng |
| 043 | |an-cn--- |
| 086 | 1 |aA53-1487/1979E-PDF |
| 110 | 1 |aCanada.|bAgriculture Canada.|bResearch Branch. |
| 245 | 10|aGrowing soybeans / |h[electronic resource]|c[by] R.I. Buzzell, H.D. Voldeng and L.D. Bailey. |
| 260 | |aOttawa - Ontario : |bAgriculture Canada. |cRevised 1979. |
| 300 | |a20p.|bphotographs |
| 500 | |aHistorical publication digitized by Agriculture and Agri-Food Canada. |
| 590 | |a14-11-Supp|b2014-05-21 |
| 690 | 07|aCrops|2gcpds |
| 775 | 08|tCulture du soja / |w(CaOODSP)9.643269 |
| 856 | 40|ahttp://publications.gc.ca|qPDF|s1.6 MB|uhttps://publications.gc.ca/collections/collection_2014/aac-aafc/agrhist/A53-1487-1979-eng.pdf |
| 986 | |a1487 |